A Key to the japanese market : Its possibilities and prospects
Gespeichert in:
| Format: | Buch |
|---|---|
| Sprache: | Undetermined |
| Veröffentlicht: |
Japan
Japan industrial promotion association
1968
|
| Schlagworte: | |
| Tags: |
Tag hinzufügen
Keine Tags, Fügen Sie den ersten Tag hinzu!
|
| Thư viện lưu trữ: | Trung tâm Học liệu Trường Đại học Cần Thơ |
|---|
| LEADER | 00558nam a2200193Ia 4500 | ||
|---|---|---|---|
| 001 | CTU_79861 | ||
| 008 | 210402s9999 xx 000 0 und d | ||
| 082 | |a 658.8 | ||
| 082 | |b K44/Vol.1 | ||
| 245 | 2 | |a A Key to the japanese market : | |
| 245 | 0 | |b Its possibilities and prospects | |
| 245 | 0 | |c Japan industrial promotion association | |
| 260 | |a Japan | ||
| 260 | |b Japan industrial promotion association | ||
| 260 | |c 1968 | ||
| 650 | |a Marketing | ||
| 650 | |z Japan | ||
| 904 | |i Trọng Hải | ||
| 980 | |a Trung tâm Học liệu Trường Đại học Cần Thơ | ||